| 000 -LEADER |
| fixed length control field |
00759nam a22002177a 4500 |
| 005 - DATE AND TIME OF LATEST TRANSACTION |
| control field |
20260210113433.0 |
| 008 - FIXED-LENGTH DATA ELEMENTS--GENERAL INFORMATION |
| fixed length control field |
260210b ||||| |||| 00| 0 eng d |
| 020 ## - INTERNATIONAL STANDARD BOOK NUMBER |
| International Standard Book Number |
9781454937593 |
| 040 ## - CATALOGING SOURCE |
| Transcribing agency |
KH8 |
| 082 ## - DEWEY DECIMAL CLASSIFICATION NUMBER |
| Classification number |
612 OLS |
| 100 ## - MAIN ENTRY--PERSONAL NAME |
| Personal name |
Olstein,James |
| Relator term |
Author |
| 245 ## - TITLE STATEMENT |
| Title |
Human Body |
| 250 ## - EDITION STATEMENT |
| Edition statement |
Volume 2 |
| 260 ## - PUBLICATION, DISTRIBUTION, ETC. |
| Place of publication, distribution, etc. |
1166 Avenue of the Americas New York,NY 10036 |
| Name of publisher, distributor, etc. |
Sterling Publishing Co.,Inc. |
| Date of publication, distribution, etc. |
2019 |
| 300 ## - PHYSICAL DESCRIPTION |
| Extent |
79 pages |
| Other physical details |
colour illustration |
| Dimensions |
23 cm x 22 cm |
| 520 ## - SUMMARY, ETC. |
| Summary, etc. |
Presents a collection of wacky facts about the human body, including the real reason ice cream causes brain freeze, the true speed of a sneeze... -Library Thing- |
| 650 ## - SUBJECT ADDED ENTRY--TOPICAL TERM |
| Source of heading or term |
Juvenile Non Fiction |
| Topical term or geographic name entry element |
Human Body |
| 655 ## - INDEX TERM--GENRE/FORM |
| Genre/form data or focus term |
Science |
| 655 ## - INDEX TERM--GENRE/FORM |
| Genre/form data or focus term |
Biology |
| 942 ## - ADDED ENTRY ELEMENTS (KOHA) |
| Source of classification or shelving scheme |
|
| Koha item type |
Books - Non Ficton |